| 000 | 00628cam a2200217 4500500 | ||
|---|---|---|---|
| 005 | 20260329002921.0 | ||
| 041 | _afre | ||
| 042 | _adc | ||
| 100 | 1 | 0 |
_aTenaillon, Nicolas _eauthor |
| 245 | 0 | 0 | _aContre les élections |
| 260 | _c2014. | ||
| 500 | _a14 | ||
| 690 | _aDavid Van Reybrouck | ||
| 690 | _aDémocratie | ||
| 690 | _aÉlection | ||
| 690 | _aPhilippe Garnier | ||
| 690 | _aReprésentation | ||
| 690 | _aVote | ||
| 786 | 0 | _nPhilosophie magazine | 76 | 2 | 2014-02-01 | p. 56-58 | 1951-1787 | |
| 856 | 4 | 1 | _uhttps://shs.cairn.info/magazine-philosophie-magazine-2014-2-page-56?lang=fr&redirect-ssocas=7080 |
| 999 |
_c1819659 _d1819659 |
||